[Event "Montcalm VII 2015-16"]
[Site "Quebec CAN"]
[Date "2016.05.05"]
[Round "2"]
[White "Lapierre, Gaetan"]
[Black "Stoyanova, Stela"]
[Result "1-0"]
[WhiteElo "1918"]
[BlackElo "1499"]
[PlyCount "89"]
[EventDate "2016.04.28"]
[EventType "swiss"]
[EventRounds "5"]
[EventCountry "CAN"]

1. e4 e6 2. d4 d5 3. e5 c5 4. c3 Nc6 5. a3 cxd4 6. cxd4 Qb6 7. Nf3 Nge7 8. Nc3
Nf5 9. Na4 Qc7 10. g4 Nfe7 11. Nc3 a6 12. Be3 f6 13. exf6 gxf6 14. g5 Bg7 15.
gxf6 Bxf6 16. Ng5 Ng6 17. Bd3 b5 18. Qh5 Qg7 19. Nxh7 Nce7 20. Nxf6+ Qxf6 21.
Qg5 Qxg5 22. Bxg5 Nh4 23. O-O-O Nf3 24. h4 Bb7 25. Be2 Nxg5 26. hxg5 O-O-O 27.
Bg4 Nf5 28. Bxf5 exf5 29. Rxh8 Rxh8 30. f4 Kd7 31. b4 Kc6 32. Rd3 a5 33. Rg3
axb4 34. axb4 Rg8 35. Re3 Bc8 36. Re5 Rd8 37. Kd2 Rd6 38. Ke3 Be6 39. Kf3 Kb6
40. Rxe6 Rxe6 41. Nxd5+ Kb7 42. Ne3 Ra6 43. Nxf5 Ra4 44. g6 Rxb4 45. g7 1-0

[Event "Montcalm VII 2015-16"]
[Site "Quebec CAN"]
[Date "2016.05.05"]
[Round "2"]
[White "Oliver, Vance"]
[Black "Dube, Dominic"]
[Result "0-1"]
[WhiteElo "1559"]
[BlackElo "1806"]
[PlyCount "54"]
[EventDate "2016.04.28"]
[EventType "swiss"]
[EventRounds "5"]
[EventCountry "CAN"]

1. e4 c6 2. d3 d5 3. Nd2 e5 4. Ngf3 Bd6 5. g3 Nf6 6. Bg2 Nbd7 7. O-O dxe4 8.
Nxe4 Nxe4 9. dxe4 Qe7 10. Nh4 Bc5 11. c3 a5 12. Nf5 Qf6 13. Be3 O-O 14. h4 Bxe3
15. Nxe3 Nc5 16. Qe2 b6 17. Rfd1 Ba6 18. Qc2 Rfd8 19. c4 Rd4 20. Rxd4 exd4 21.
Ng4 Qe6 22. f3 Bxc4 23. Bf1 Bxa2 24. Qd1 Rd8 25. Ne3 Bb3 26. Qd2 Qf6 27. Kg2
dxe3 0-1

[Event "Montcalm VII 2015-16"]
[Site "Quebec CAN"]
[Date "2016.05.12"]
[Round "3"]
[White "Dube, Dominic"]
[Black "Gingras, Philippe"]
[Result "1/2-1/2"]
[WhiteElo "1806"]
[BlackElo "1757"]
[PlyCount "115"]
[EventDate "2016.04.28"]
[EventType "swiss"]
[EventRounds "5"]
[EventCountry "CAN"]

1. e4 c5 2. Nf3 Nc6 3. d4 cxd4 4. Nxd4 e5 5. Nb3 Nf6 6. Bg5 h6 7. Bxf6 Qxf6 8.
Bc4 Bb4+ 9. c3 Be7 10. N1d2 a6 11. a4 d6 12. Bd5 O-O 13. Nc4 Qg6 14. Qf3 Be6
15. Ne3 Bd8 16. O-O Bxd5 17. Nxd5 Ne7 18. Qd3 f5 19. Nd2 Kh8 20. f3 Qe6 21.
Nxe7 Bxe7 22. exf5 Qxf5 23. Qd5 Qd7 24. Nc4 Qc7 25. Rfd1 Rad8 26. Rd3 Rf4 27.
b3 Rf6 28. Rad1 Qb8 29. Nd2 b5 30. Ne4 Rff8 31. Qc6 bxa4 32. bxa4 a5 33. Nxd6
Bxd6 34. Rxd6 Rxd6 35. Qxd6 Qxd6 36. Rxd6 Rf4 37. Rd5 Rxa4 38. Rxe5 Rc4 39.
Rxa5 Rxc3 40. Kf2 Kh7 41. Kg3 Kg6 42. h4 h5 43. Rg5+ Kh6 44. Kf2 Rc4 45. g3 g6
46. f4 Rc3 47. Re5 Ra3 48. Re3 Ra2+ 49. Kf3 Ra4 50. g4 hxg4+ 51. Kxg4 Ra1 52.
Rf3 Rg1+ 53. Kh3 Rh1+ 54. Kg3 Rg1+ 55. Kh2 Rg4 56. Kh3 Kh5 57. Rf2 Rxh4+ 58.
Kg3 1/2-1/2

[Event "Montcalm VII 2015-16"]
[Site "Quebec CAN"]
[Date "2016.05.12"]
[Round "3"]
[White "Geley, Shawn"]
[Black "Pare, Marc"]
[Result "1-0"]
[WhiteElo "1625"]
[BlackElo "1884"]
[PlyCount "35"]
[EventDate "2016.04.28"]
[EventType "swiss"]
[EventRounds "5"]
[EventCountry "CAN"]

1. e4 d5 2. exd5 Nf6 3. Nc3 Nxd5 4. Bc4 e6 5. Qf3 Nb4 6. Bb3 N8c6 7. Nge2 Be7
8. d3 O-O 9. Be3 Na5 10. O-O-O Nxb3+ 11. axb3 c6 12. Nf4 Kh8 13. Nh5 g6 14. Ng3
f5 15. Qf4 Bf6 16. Qxb4 e5 17. f4 exf4 18. Bxf4 1-0

[Event "Montcalm VII 2015-16"]
[Site "Quebec CAN"]
[Date "2016.05.12"]
[Round "3"]
[White "Sarra-Bournet, Marc"]
[Black "Lapierre, Gaetan"]
[Result "1-0"]
[WhiteElo "1872"]
[BlackElo "1918"]
[PlyCount "85"]
[EventDate "2016.04.28"]
[EventType "swiss"]
[EventRounds "5"]
[EventCountry "CAN"]

1. e4 e6 2. d4 d5 3. Nd2 Nf6 4. e5 Nfd7 5. f4 c5 6. c3 cxd4 7. cxd4 Nc6 8. Ne2
Qa5 9. Kf2 Be7 10. Nb3 Qb6 11. Be3 O-O 12. g3 Qd8 13. Bh3 Nb6 14. a3 f6 15.
exf6 gxf6 16. f5 e5 17. Bh6 Rf7 18. Nc3 Bf8 19. Bxf8 Rxf8 20. Qg4+ Kh8 21. Rad1
Ne7 22. Qf3 e4 23. Qf4 a6 24. Rhe1 Nc4 25. Re2 Qb6 26. Nc5 Nxb2 27. Rc1 Qc6 28.
Rxb2 b6 29. Ne6 Bxe6 30. fxe6 f5 31. Qe5+ Kg8 32. Ne2 Qxc1 33. Nxc1 f4 34. gxf4
Ng6 35. Qg5 Rxf4+ 36. Kg1 Rf3 37. Bf5 Rc8 38. Ne2 Kh8 39. Bxg6 hxg6 40. Qe5+
Kh7 41. e7 Re8 42. Rxb6 Rf7 43. Rb7 1-0

[Event "Montcalm VII 2015-16"]
[Site "Quebec CAN"]
[Date "2016.05.19"]
[Round "4"]
[White "Gingras, Philippe"]
[Black "Sarra-Bournet, Marc"]
[Result "1/2-1/2"]
[WhiteElo "1757"]
[BlackElo "1872"]
[PlyCount "162"]
[EventDate "2016.04.28"]
[EventType "swiss"]
[EventRounds "5"]
[EventCountry "CAN"]

1. c4 e5 2. Nc3 Nf6 3. g3 Be7 4. Bg2 O-O 5. Nf3 Nc6 6. d4 exd4 7. Nxd4 Ne5 8.
b3 c6 9. Bb2 d5 10. cxd5 Nxd5 11. Nxd5 cxd5 12. O-O Nc6 13. e3 Nxd4 14. Bxd4
Be6 15. a3 Qd7 16. Qd2 Rfc8 17. Qb2 Bf8 18. Rfd1 b6 19. e4 dxe4 20. Bxe4 Qb5
21. Bxa8 Rxa8 22. b4 Qh5 23. Re1 Bd5 24. Qe2 Bf3 25. Qf1 Bb7 26. f3 Bxf3 27.
Qf2 Bb7 28. Re5 Qg4 29. Rae1 Qd7 30. Qe3 Qc6 31. Re2 Qh1+ 32. Kf2 Qxh2+ 33. Ke1
Qh1+ 34. Kd2 Rc8 35. Re1 Qg2+ 36. Re2 Qf1 37. Re1 Qc4 38. Qc3 Qxc3+ 39. Bxc3
Rd8+ 40. Kc2 Bc6 41. b5 f6 42. Rf5 Bd5 43. Kb2 Kf7 44. Rd1 Ke6 45. Rf2 Bc5 46.
Re2+ Kf5 47. Red2 Ke4 48. Re1+ Kf5 49. Red1 Ke6 50. Rd3 Rd6 51. Bb4 Bxb4 52.
axb4 Ke5 53. Re3+ Kf5 54. Re7 Kg6 55. Rxa7 f5 56. Re7 Kf6 57. Re3 Re6 58. Rxe6+
Kxe6 59. Re1+ Be4 60. Kc3 Ke5 61. Ra1 f4 62. gxf4+ Kxf4 63. Ra6 h5 64. Rxb6 h4
65. Rb8 h3 66. Rh8 Kg3 67. Rg8 g6 68. b6 h2 69. Rxg6+ Bxg6 70. b7 h1=Q 71.
b8=Q+ Kf3 72. Qb7+ Be4 73. Qf7+ Ke2 74. Qa2+ Ke3 75. Qd2+ Kf3 76. Kd4 Qh8+ 77.
Kc4 Qg8+ 78. Kd4 Qg7+ 79. Kc4 Qf7+ 80. Kc3 Qc7+ 81. Kb2 Qe5+ 1/2-1/2

[Event "Montcalm VII 2015-16"]
[Site "Quebec CAN"]
[Date "2016.05.19"]
[Round "4"]
[White "Oliver, Vance"]
[Black "Geley, Shawn"]
[Result "0-1"]
[WhiteElo "1550"]
[BlackElo "1625"]
[PlyCount "128"]
[EventDate "2016.04.28"]
[EventType "swiss"]
[EventRounds "5"]
[EventCountry "CAN"]

1. Nf3 d5 2. g3 Nf6 3. Bg2 Bg4 4. d3 h6 5. Nbd2 e6 6. O-O Nbd7 7. b3 Be7 8. Bb2
O-O 9. Qe1 c5 10. e4 d4 11. h3 Bxf3 12. Nxf3 e5 13. Nh4 Nh7 14. Nf5 Bf6 15. h4
Re8 16. Qe2 Nhf8 17. Qg4 Kh7 18. Bc1 Ng6 19. h5 Ne7 20. Nd6 Rf8 21. f4 Qc7 22.
Nf5 Nxf5 23. exf5 Rae8 24. Re1 b6 25. Bd5 Nb8 26. Qf3 Qd7 27. Be4 Kh8 28. Bd2
exf4 29. Bxf4 Be5 30. Re2 Qd6 31. Bxe5 Qxe5 32. Rf1 Qf6 33. Rh2 Nd7 34. Qf4 Ne5
35. Rg2 b5 36. g4 Qg5 37. Qxg5 hxg5 38. f6 Re6 39. fxg7+ Kxg7 40. Rf5 Kh6 41.
Bd5 Re7 42. Rf6+ Kg7 43. Ra6 f6 44. Kh2 c4 45. Be4 cxd3 46. cxd3 Rc8 47. h6+
Kf7 48. Kg3 Nxd3 49. Bd5+ Kg6 50. Be6 Rc3 51. Bf5+ Kf7 52. Bxd3 Rxd3+ 53. Kh2
Ree3 54. Rxa7+ Kg6 55. Ra6 Rh3+ 56. Kg1 Rxh6 57. Rf2 Rg3+ 58. Kf1 Kf7 59. Ra7+
Ke6 60. Ra6+ Ke5 61. Rf5+ Ke4 62. Kf2 Rxg4 63. Rfxf6 Rxf6+ 64. Rxf6 Rf4+ 0-1

[Event "Montcalm VII 2015-16"]
[Site "Quebec CAN"]
[Date "2016.05.19"]
[Round "4"]
[White "Ripoll, Arthur"]
[Black "Dube, Dominic"]
[Result "1/2-1/2"]
[WhiteElo "1689"]
[BlackElo "1806"]
[PlyCount "82"]
[EventDate "2016.04.28"]
[EventType "swiss"]
[EventRounds "5"]
[EventCountry "CAN"]

1. e4 c6 2. d4 d5 3. e5 Bf5 4. h4 h5 5. Bg5 Qb6 6. Bd3 Bxd3 7. Qxd3 e6 8. Ne2
Ne7 9. Ng3 Nd7 10. O-O c5 11. c3 Nc6 12. Be3 Be7 13. Nd2 Bxh4 14. Nf3 Be7 15.
Ne2 O-O-O 16. a4 c4 17. Qc2 Na5 18. b4 cxb3 19. Qd3 Nc4 20. Nd2 Na3 21. c4 dxc4
22. Nxc4 Nxc4 23. Qxc4+ Kb8 24. Rfb1 Rc8 25. Qd3 Rc2 26. Rxb3 Qc6 27. Rab1 b6
28. a5 Qc4 29. Qe4 Nc5 30. axb6 Nxe4 31. bxa7+ Ka8 32. Rb8+ Kxa7 33. Rxh8 Qxe2
34. Rhb8 Bg5 35. R1b7+ Ka6 36. Rb3 Ka7 37. R3b7+ Ka6 38. Rb3 Qe1+ 39. Kh2 Ka7
40. R3b7+ Ka6 41. Rb3 Ka7 1/2-1/2

[Event "Montcalm VII 2015-16"]
[Site "Quebec CAN"]
[Date "2016.05.26"]
[Round "5"]
[White "Dube, Dominic"]
[Black "Pare, Marc"]
[Result "1-0"]
[WhiteElo "1806"]
[BlackElo "1884"]
[PlyCount "69"]
[EventDate "2016.04.28"]
[EventType "swiss"]
[EventRounds "5"]
[EventCountry "CAN"]

1. e4 d5 2. exd5 Nf6 3. Nf3 Nxd5 4. d4 g6 5. c3 Bg7 6. Bc4 O-O 7. O-O Nc6 8.
Re1 h6 9. Nbd2 e6 10. Ne4 b6 11. Qa4 Bb7 12. Ba6 Bxa6 13. Qxa6 Nce7 14. Ng3 Kh7
15. Qd3 c6 16. b3 Qc7 17. Bb2 Rad8 18. Rad1 c5 19. Qc2 cxd4 20. Nxd4 Rc8 21. c4
a6 22. Qd2 Nf4 23. Ba3 Rfd8 24. Qe3 e5 25. Bxe7 Rxd4 26. Bb4 Rcd8 27. Rxd4 Rxd4
28. Ne2 Nd3 29. Nxd4 Nxb4 30. Qd2 exd4 31. Qxb4 d3 32. Qd2 Qd6 33. g3 Bd4 34.
Rd1 Qf6 35. Qf4 1-0

[Event "Montcalm VII 2015-16"]
[Site "Quebec CAN"]
[Date "2016.05.26"]
[Round "5"]
[White "Leblanc-Legault, Mathieu"]
[Black "Ripoll, Arthur"]
[Result "0-1"]
[WhiteElo "1600"]
[BlackElo "1689"]
[PlyCount "93"]
[EventDate "2016.04.28"]
[EventType "swiss"]
[EventRounds "5"]
[EventCountry "CAN"]

1. d4 d5 2. e3 Nf6 3. Nf3 e6 4. c4 c6 5. Be2 Be7 6. O-O O-O 7. a3 dxc4 8. Bxc4
c5 9. dxc5 Bxc5 10. b4 Bd6 11. Bb2 Qc7 12. Nbd2 a6 13. Rc1 Nc6 14. Qc2 Qb8 15.
Ba2 Ne5 16. Bb1 b5 17. Ng5 Ng6 18. h4 Bh2+ 19. Kh1 Be5 20. Bxe5 Qxe5 21. Ndf3
Qd6 22. Rfd1 Qe7 23. e4 h6 24. e5 Nh5 25. Nh3 Bb7 26. Rd4 Rac8 27. Qd2 Rxc1+
28. Qxc1 Bxf3 29. Bxg6 Bxg2+ 30. Kxg2 fxg6 31. Qc6 Qf7 32. Rd6 Nf4+ 33. Nxf4
Qxf4 34. f3 Qxh4 35. Rxe6 Qg5+ 36. Kf2 Qd2+ 37. Kg3 Qe1+ 38. Kg2 Qe2+ 39. Kg3
Qe1+ 40. Kg2 Qd2+ 41. Kg3 Kh7 42. Qe4 Rf5 43. f4 Qc3+ 44. Qf3 Qe1+ 45. Kg2 Rh5
46. Qf1 Rh2+ 47. Kg1 0-1

[Event "Montcalm op"]
[Site "Quebec CAN"]
[Date "2016.01.08"]
[Round "1"]
[White "Boulianne, Gabriel"]
[Black "Dube, Dominic"]
[Result "1-0"]
[WhiteElo "1896"]
[BlackElo "1662"]
[PlyCount "35"]
[EventDate "2016.01.08"]
[EventType "swiss"]
[EventRounds "5"]
[EventCountry "CAN"]

1. e4 c6 2. d4 d5 3. e5 Bf5 4. h4 h5 5. Bd3 Bxd3 6. Qxd3 e6 7. Ne2 Nd7 8. c3 c5
9. Bg5 Qb6 10. Nf4 Ne7 11. O-O Nf5 12. Nxd5 Qc6 13. Ne3 Ne7 14. Nd2 f6 15. Ne4
Nd5 16. exf6 gxf6 17. Nxd5 exd5 18. Nxf6+ {Ici, mon adversaire a fait le grand
roque de faÃPon illÃ gale. Je ne m'en suis pas rendu compte. Sur le coup, je
me suis demandÃ  si le roque Ã tait lÃ gal, mais je n'ai pas pensÃ  au fait
qu'il Ã tait en Ã chec.  O-O-O  Nxd7  Rxd7  Rfe1  Bd6  g3  Qc7  dxc5  Bxc5 
Be3  Bd6  Bxa7  Rg8  Re3  Bf4  Rf3  Be5  Re1  Qd6  Bd4  Bf4  Kh2  Bh6  Qf5 
Rg4  Re8+} 1-0

[Event "Montcalm op"]
[Site "Quebec CAN"]
[Date "2016.01.08"]
[Round "1"]
[White "Cournoyer, Dominic"]
[Black "Gingras, Philippe"]
[Result "1-0"]
[WhiteElo "1994"]
[BlackElo "1772"]
[PlyCount "67"]
[EventDate "2016.01.08"]
[EventType "swiss"]
[EventRounds "5"]
[EventCountry "CAN"]

1. c4 Nf6 2. Nc3 c5 3. Nf3 b6 4. g3 Bb7 5. Bg2 e6 6. O-O Be7 7. e3 O-O 8. d4
cxd4 9. exd4 d6 10. b3 a6 11. Bb2 Qc7 12. Rc1 Nbd7 13. Ba3 Rac8 14. Re1 Rfe8
15. Bb2 Qb8 16. Qd3 Qa8 17. Re2 Nf8 18. Rce1 Ng6 19. Na4 Qa7 20. d5 e5 21. Nd2
b5 22. Nc3 bxc4 23. Nxc4 a5 24. Bh3 Rcd8 25. Nb5 Qc5 26. Nxa5 Ba6 27. a4 Bxb5
28. axb5 Qxd5 29. Qxd5 Nxd5 30. Bg2 Nb6 31. Nc6 Rc8 32. Bc3 Bf8 33. Ba5 Nd5 34.
Bxd5 1-0

[Event "Montcalm op"]
[Site "Quebec CAN"]
[Date "2016.01.08"]
[Round "1"]
[White "Cummins, Paul"]
[Black "Lessard, Claude"]
[Result "0-1"]
[WhiteElo "1764"]
[BlackElo "1978"]
[PlyCount "54"]
[EventDate "2016.01.08"]
[EventType "swiss"]
[EventRounds "5"]
[EventCountry "CAN"]

1. e4 c6 2. Nc3 g6 3. d4 Bg7 4. f4 d6 5. Nf3 Nf6 6. Bd3 Bg4 7. Ne2 Bxf3 8. gxf3
O-O 9. c3 Nbd7 10. Be3 c5 11. Qc2 a6 12. Ng3 b5 13. h4 Nb6 14. h5 Nc4 15. Bxc4
bxc4 16. hxg6 fxg6 17. Qh2 cxd4 18. Bxd4 e5 19. Bf2 exf4 20. Ne2 Nh5 21. Bd4
Be5 22. O-O-O Qa5 23. a3 Rab8 24. Bxe5 dxe5 25. Rd5 Qb6 26. Ng1 Rfd8 27. Qd2
Ng3 0-1

[Event "Montcalm op"]
[Site "Quebec CAN"]
[Date "2016.01.08"]
[Round "1"]
[White "Dorion, Francois"]
[Black "Auger, Bertrand"]
[Result "1/2-1/2"]
[WhiteElo "1577"]
[BlackElo "1921"]
[PlyCount "101"]
[EventDate "2016.01.08"]
[EventType "swiss"]
[EventRounds "5"]
[EventCountry "CAN"]

1. e4 e6 2. d4 d5 3. Nc3 dxe4 4. Nge2 Nf6 5. Bg5 Be7 6. g3 c5 7. Bg2 Nc6 8.
dxc5 O-O 9. O-O e3 10. Bxe3 Ng4 11. Qxd8 Rxd8 12. Bf4 e5 13. Be3 Nxe3 14. fxe3
Bxc5 15. Kf2 Bf5 16. Be4 Be6 17. Rfd1 f5 18. Bd5 Kf7 19. a3 g5 20. Bxe6+ Kxe6
21. Rxd8 Rxd8 22. Rd1 f4 23. gxf4 gxf4 24. Rxd8 Bxe3+ 25. Kf3 Nxd8 26. Ne4 Nf7
27. b3 h6 28. h4 Nd6 29. Nxd6 Kxd6 30. Ke4 Bd2 31. Ng1 h5 32. Nf3 Bc3 33. Ng5
a5 34. a4 b6 35. Kd3 Bd4 36. c3 Bc5 37. Ke4 Bf2 38. Nf3 Ke6 39. Nxe5 Bxh4 40.
Nc4 Bf2 41. Kxf4 Kd5 42. Kf3 Bc5 43. Kf4 Bf2 44. Kf5 h4 45. Kg4 Ke4 46. Nb2 Be1
47. Nc4 Bxc3 48. Nxb6 Kd3 49. Kxh4 Kc2 50. Nc4 Kxb3 51. Nxa5+ 1/2-1/2

[Event "Montcalm op"]
[Site "Quebec CAN"]
[Date "2016.01.08"]
[Round "1"]
[White "Dube, Daniel"]
[Black "Lachance, Norbert"]
[Result "1-0"]
[WhiteElo "1932"]
[BlackElo "1751"]
[PlyCount "87"]
[EventDate "2016.01.08"]
[EventType "swiss"]
[EventRounds "5"]
[EventCountry "CAN"]

1. d4 d5 2. Nc3 Nf6 3. Bg5 Nbd7 4. e3 g6 5. Nf3 Bg7 6. Be2 O-O 7. O-O c6 8. a4
a5 9. h3 Re8 10. Bf4 Nh5 11. Bh2 Nhf6 12. Ne5 Nxe5 13. Bxe5 Bf5 14. Bd3 Bxd3
15. Qxd3 Nd7 16. Bxg7 Kxg7 17. e4 dxe4 18. Nxe4 Kg8 19. f4 Qb6 20. Kh1 e6 21.
Ra3 Qc7 22. c4 Rad8 23. c5 Re7 24. Qg3 Nf8 25. Nd6 f5 26. Re3 Rg7 27. Rfe1 Qd7
28. Rb3 Rb8 29. Rb6 Qe7 30. Qc3 Qf6 31. Qe3 h6 32. Rb1 g5 33. b4 axb4 34. a5
gxf4 35. Qxf4 Qg6 36. Rb2 Nd7 37. Nxb7 e5 38. dxe5 Nxb6 39. cxb6 Rbxb7 40. Qxb4
Rgd7 41. Qb3+ Rd5 42. a6 Rxb6 43. Qxb6 Rd1+ 44. Kh2 1-0

[Event "Montcalm op"]
[Site "Quebec CAN"]
[Date "2016.01.09"]
[Round "2"]
[White "Abran, David"]
[Black "Cournoyer, Dominic"]
[Result "1/2-1/2"]
[WhiteElo "1785"]
[BlackElo "1994"]
[PlyCount "67"]
[EventDate "2016.01.08"]
[EventType "swiss"]
[EventRounds "5"]
[EventCountry "CAN"]

1. d4 d5 2. c4 c6 3. Nc3 f5 4. Nf3 e6 5. Bf4 Nf6 6. e3 Be7 7. Bxb8 Rxb8 8. Ne5
O-O 9. Bd3 Bd7 10. O-O Be8 11. Qc2 Bh5 12. f3 Nd7 13. Nxd7 Qxd7 14. h3 Bg5 15.
f4 Bh4 16. g4 Bg6 17. Ne2 Qf7 18. Kh2 h6 19. Ng1 Be7 20. Nf3 Qe8 21. Rg1 Bh7
22. Rg2 Kh8 23. Rag1 g6 24. Ne5 Bd6 25. gxf5 gxf5 26. Ng6+ Bxg6 27. Rxg6 Rf7
28. Bxf5 exf5 29. Qxf5 Qf8 30. Qe6 Kh7 31. Rg8 Rf6 32. Qd7+ Rf7 33. Qe6 Rf6 34.
Qd7+ 1/2-1/2

[Event "Montcalm op"]
[Site "Quebec CAN"]
[Date "2016.01.09"]
[Round "2"]
[White "Auger, Bertrand"]
[Black "Vadnais, Michel"]
[Result "1-0"]
[WhiteElo "1921"]
[BlackElo "1720"]
[PlyCount "81"]
[EventDate "2016.01.08"]
[EventType "swiss"]
[EventRounds "5"]
[EventCountry "CAN"]

1. Nf3 Nf6 2. g3 d5 3. Bg2 e6 4. O-O Be7 5. c4 c6 6. d4 O-O 7. Nc3 Nbd7 8. Ne5
Nxe5 9. dxe5 Nd7 10. cxd5 exd5 11. f4 Re8 12. Be3 Nf8 13. Qc2 f6 14. Rad1 fxe5
15. fxe5 Bd6 16. exd6 Rxe3 17. Qd2 Re8 18. e4 Qxd6 19. exd5 cxd5 20. Nxd5 Kh8
21. Qf4 Qxf4 22. Rxf4 Rd8 23. Rdf1 Bd7 24. Nc7 Rab8 25. b4 Ne6 26. Nxe6 Bxe6
27. a4 Kg8 28. Re1 Rd6 29. Rxe6 Rxe6 30. Bd5 Rbe8 31. g4 g6 32. Rf6 Kg7 33.
Rxe6 Rd8 34. Bxb7 Rd4 35. Re4 Rd7 36. Bc6 Rc7 37. b5 a6 38. h4 axb5 39. axb5 h6
40. g5 hxg5 41. hxg5 1-0

[Event "Montcalm op"]
[Site "Quebec CAN"]
[Date "2016.01.09"]
[Round "2"]
[White "Lessard, Claude"]
[Black "Lalonde, Jean-Louis"]
[Result "1-0"]
[WhiteElo "1978"]
[BlackElo "1820"]
[PlyCount "61"]
[EventDate "2016.01.08"]
[EventType "swiss"]
[EventRounds "5"]
[EventCountry "CAN"]

1. d4 d5 2. Nf3 Nf6 3. e3 e6 4. Bd3 Be7 5. O-O O-O 6. Qe2 b6 7. c3 Bb7 8. Nbd2
Ne4 9. Ne1 Nd7 10. f3 Nxd2 11. Bxd2 e5 12. Rd1 c5 13. Ba6 Bxa6 14. Qxa6 Qc7 15.
Qe2 Bf6 16. Bc1 Rfe8 17. dxe5 Bxe5 18. f4 Bxf4 19. g3 Bh6 20. Rxd5 Re6 21. Ng2
Nf6 22. Rdf5 Qe7 23. Qf3 Re8 24. g4 Bxe3+ 25. Bxe3 Rxe3 26. Nxe3 Qxe3+ 27. Qxe3
Rxe3 28. g5 Nd7 29. Rxf7 Rd3 30. Re7 Rd5 31. Re8+ 1-0

[Event "Montcalm op"]
[Site "Quebec CAN"]
[Date "2016.01.09"]
[Round "2"]
[White "Sarra-Bournet, Marc"]
[Black "Dorion, Francois"]
[Result "1-0"]
[WhiteElo "1872"]
[BlackElo "1577"]
[PlyCount "43"]
[EventDate "2016.01.08"]
[EventType "swiss"]
[EventRounds "5"]
[EventCountry "CAN"]

1. e4 e5 2. Nf3 Nc6 3. Bb5 Nge7 4. O-O a6 5. Ba4 g6 6. c3 Bg7 7. d4 b5 8. Bb3
O-O 9. Bg5 h6 10. Bh4 d6 11. h3 Bb7 12. Bd5 Qc8 13. dxe5 Nxd5 14. exd5 Nxe5 15.
Nxe5 Bxe5 16. f4 Bg7 17. f5 gxf5 18. Qd3 c6 19. Rxf5 cxd5 20. Bf6 Qe6 21. Qg3
Qxf5 22. Qxg7# 1-0

[Event "Montcalm op"]
[Site "Quebec CAN"]
[Date "2016.01.09"]
[Round "3"]
[White "Abran, David"]
[Black "Sarra-Bournet, Marc"]
[Result "1-0"]
[WhiteElo "1785"]
[BlackElo "1872"]
[PlyCount "77"]
[EventDate "2016.01.08"]
[EventType "swiss"]
[EventRounds "5"]
[EventCountry "CAN"]

1. d4 d5 2. c4 e6 3. Nc3 Nf6 4. Nf3 Be7 5. Bg5 h6 6. Bh4 Nc6 7. e3 b6 8. Rc1
Bb7 9. cxd5 Nxd5 10. Bxe7 Ncxe7 11. Ne5 O-O 12. Bd3 Nxc3 13. bxc3 Nd5 14. O-O
Nf6 15. f3 Nd5 16. Qe2 a5 17. Rfd1 Qe7 18. Bb1 Qa3 19. Qc2 f5 20. Qd2 Rad8 21.
Re1 Ba6 22. h3 c5 23. g4 Ne7 24. f4 Bb7 25. g5 hxg5 26. fxg5 g6 27. h4 Kg7 28.
h5 gxh5 29. Qd1 Rh8 30. Nc4 Qxc1 31. Qxc1 h4 32. e4 cxd4 33. exf5 Nd5 34. Rxe6
h3 35. Kh2 Rc8 36. Nd6 Rxc3 37. f6+ Nxf6 38. gxf6+ Kf8 39. Re8# 1-0

[Event "Montcalm op"]
[Site "Quebec CAN"]
[Date "2016.01.09"]
[Round "3"]
[White "Boulianne, Gabriel"]
[Black "Gingras, Philippe"]
[Result "1/2-1/2"]
[WhiteElo "1896"]
[BlackElo "1772"]
[PlyCount "76"]
[EventDate "2016.01.08"]
[EventType "swiss"]
[EventRounds "5"]
[EventCountry "CAN"]

1. e4 c6 2. d4 d5 3. e5 Bf5 4. h4 h6 5. g4 Be4 6. f3 Bh7 7. Bd3 Bxd3 8. Qxd3 e6
9. Ne2 Be7 10. h5 Bh4+ 11. Kf1 Be7 12. c3 c5 13. Nd2 Nc6 14. f4 Qd7 15. Nf3
O-O-O 16. Be3 cxd4 17. cxd4 Kb8 18. a3 Rc8 19. b4 Bd8 20. Kg2 Nge7 21. Rhb1 f5
22. gxf5 Nxf5 23. Bd2 Qf7 24. Rh1 g6 25. hxg6 Qxg6+ 26. Kf2 Bc7 27. Rag1 Qf7
28. Rg2 Rcg8 29. Rhg1 Rxg2+ 30. Rxg2 Rg8 31. Rxg8+ Qxg8 32. Be3 Bd8 33. Ke1 Qg2
34. Neg1 Nce7 35. Qe2 Nxe3 36. Qxe3 Nf5 37. Qf2 Nh4 38. Nxh4 Bxh4 1/2-1/2

[Event "Montcalm op"]
[Site "Quebec CAN"]
[Date "2016.01.09"]
[Round "3"]
[White "Cournoyer, Dominic"]
[Black "Lessard, Claude"]
[Result "1/2-1/2"]
[WhiteElo "1994"]
[BlackElo "1978"]
[PlyCount "58"]
[EventDate "2016.01.08"]
[EventType "swiss"]
[EventRounds "5"]
[EventCountry "CAN"]

1. c4 Nf6 2. Nc3 g6 3. Nf3 Bg7 4. g3 d6 5. Bg2 O-O 6. O-O e5 7. d4 exd4 8. Nxd4
Nbd7 9. b3 Re8 10. Bb2 Nc5 11. Qc2 Rb8 12. Rad1 Ne6 13. Nxe6 fxe6 14. e4 Qe7
15. Rfe1 e5 16. Nd5 Qf7 17. c5 Nxd5 18. Rxd5 Be6 19. Rd3 dxc5 20. Qxc5 c6 21.
Red1 Rbc8 22. Qe3 c5 23. Rc3 b6 24. Bf1 Rcd8 25. Rcd3 Rxd3 26. Qxd3 Qb7 27. f3
Bf6 28. Qa6 Qf7 29. Bc4 Bxc4 1/2-1/2

[Event "Montcalm op"]
[Site "Quebec CAN"]
[Date "2016.01.09"]
[Round "3"]
[White "Dorion, Francois"]
[Black "Potvin, Alain-Nicolas"]
[Result "0-1"]
[WhiteElo "1577"]
[BlackElo "1798"]
[PlyCount "82"]
[EventDate "2016.01.08"]
[EventType "swiss"]
[EventRounds "5"]
[EventCountry "CAN"]

1. e4 d6 2. d4 Nf6 3. Nc3 g6 4. Be2 Bg7 5. Nf3 O-O 6. h3 c6 7. O-O b5 8. a3 a5
9. d5 Ba6 10. dxc6 Nxc6 11. Nxb5 Nxe4 12. Qd5 Qb6 13. Qxe4 Bxb5 14. Bxb5 Qxb5
15. Be3 d5 16. Qh4 Qxb2 17. Rab1 Qxa3 18. Bh6 Qc3 19. Rb6 Ne5 20. Ng5 Nc4 21.
Rb3 Qe5 22. Rd3 e6 23. f4 Qf6 24. f5 Bxh6 25. Qxh6 Qg7 26. Qh4 exf5 27. Rxf5
gxf5 28. Rg3 Kh8 29. Nf3 Qa1+ 30. Kh2 Rg8 31. Rxg8+ Rxg8 32. Nd4 Re8 33. Qf6+
Kg8 34. Qg5+ Kf8 35. Nxf5 Qe5+ 36. Kg1 Ne3 37. Qh6+ Kg8 38. Qg5+ Kh8 39. Nh6
Qxg5 40. Nxf7+ Kg7 41. Nxg5 a4 0-1

[Event "Montcalm op"]
[Site "Quebec CAN"]
[Date "2016.01.09"]
[Round "3"]
[White "Doyon, Stephane"]
[Black "Dube, Daniel"]
[Result "0-1"]
[WhiteElo "1816"]
[BlackElo "1932"]
[PlyCount "186"]
[EventDate "2016.01.08"]
[EventType "swiss"]
[EventRounds "5"]
[EventCountry "CAN"]

1. e4 Nc6 2. d4 d5 3. exd5 Qxd5 4. Be3 e5 5. Nc3 Bb4 6. dxe5 Nge7 7. Nf3 Qxd1+
8. Rxd1 O-O 9. Bd3 Bg4 10. a3 Bxc3+ 11. bxc3 Ng6 12. Rb1 Rab8 13. O-O Bxf3 14.
gxf3 Ngxe5 15. Be4 Nc4 16. Bxc6 Nxe3 17. fxe3 bxc6 18. Kf2 f6 19. Ke2 Kf7 20.
Rfd1 Ke7 21. Rb4 Rxb4 22. cxb4 Rb8 23. Rd4 Rb5 24. Rc4 Rh5 25. h4 Kd6 26. Kf2
c5 27. Kg3 cxb4 28. axb4 Rb5 29. e4 a5 30. bxa5 Rxa5 31. Rd4+ Ke7 32. Rd3 Rc5
33. c3 h5 34. f4 Rc4 35. Re3 Ra4 36. e5 f5 37. Rd3 Ra3 38. Kh3 Ra4 39. Kg3 Ra6
40. Kf2 Ra1 41. Re3 Kf7 42. Rd3 Ra2+ 43. Kg3 Ke7 44. Rf3 Rd2 45. Rf2 Rd1 46.
Kg2 Rc1 47. Rf3 Rc2+ 48. Kg3 c5 49. Kh3 c4 50. Re3 Rd2 51. Kg3 Ke6 52. Kf3 Rh2
53. Kg3 Rh1 54. Re2 Rg1+ 55. Rg2 Rc1 56. Kh2 Rxc3 57. Rxg7 Rf3 58. Rg6+ Kd5 59.
e6 Re3 60. Rf6 Ke4 61. e7 Kxf4 62. Rc6 Rxe7 63. Rxc4+ Re4 64. Rc5 Kg4 65. Kg2
Ra4 66. Rc7 Kxh4 67. Kf3 Kg5 68. Rg7+ Kf6 69. Rh7 h4 70. Rh8 Kg7 71. Rh5 Kg6
72. Rh8 Re4 73. Rg8+ Kf7 74. Rh8 Ke6 75. Re8+ Kd5 76. Rd8+ Ke5 77. Re8+ Kd4 78.
Rd8+ Kc3 79. Rd5 h3 80. Rxf5 Rh4 81. Kg3 h2 82. Rf3+ Kd4 83. Kxh4 h1=Q+ 84. Rh3
Qe1+ 85. Kg5 Ke5 86. Rh4 Qe3+ 87. Kg4 Qf4+ 88. Kh3 Qf3+ 89. Kh2 Kf5 90. Rh3
Qf2+ 91. Kh1 Qe1+ 92. Kg2 Kg4 93. Ra3 Qd2+ 0-1